000 00791nam a22002057a 4500
999 _c639
_d639
003 AR-CdUCM
008 190225b ||||| |||| 00| 0 spa d
040 _aMUNICIPALIDAD PROVINCIAL DEL CUSCO
_cBIBLIOTECA MUNICIPAL DEL CUSCO
082 _a928 /
_bP426
100 _aPeraltilla Diaz, Artemio
_92483
245 _aCoronel y doctor Don Manuel Amat y León /
_cArtemio Peraltilla Diaz
260 _aPerú :
_bEl Sol,
_c1969.
300 _a88 páginas. :
_c21 cm.
505 _aContenido: Biografía -- Educación del precursor -- Un Umachiri -- Universidad Nacional de Arequípa -- Amat y León catedrático de la universidad ...
650 _aBiografía
_922
650 _aVirreinato del Perú
_92484
650 _aVirreyes del Perú
_92485
942 _2ddc
_cLIBROS
945 _anom
_d2019-02-25